Le vite de più eccellenti pittori, scultori e architetti, di Giorgio Vasari / (Record no. 167014)

MARC details
000 -LEADER
campo de control de longitud fija 01393nam a2200193 i 4500
001 - NÚMERO DE CONTROL
campo de control 167014
003 - IDENTIFICADOR DE NÚMERO DE CONTROL
campo de control ES-MaACL
005 - FECHA Y HORA DE LA ÚLTIMA TRANSACCIÓN
campo de control 20230906213437.0
008 - DATOS DE LONGITUD FIJA--INFORMACIÓN GENERAL
campo de control de longitud fija 000717m18461857it ac |||| | ita d
040 ## - FUENTE DE CATALOGACIÓN
Centro catalogador/agencia de origen CCPB | B
Lengua de catalogación spa
Centro/agencia transcriptor CCPB | B
100 1# - ENTRADA PRINCIPAL--NOMBRE DE PERSONA
Nombre de persona Vasari, Giorgio (
Fechas asociadas al nombre 1511-1574)
9 (RLIN) 113257
245 13 - MENCIÓN DEL TÍTULO
Título Le vite de più eccellenti pittori, scultori e architetti, di Giorgio Vasari /
Mención de responsabilidad, etc. pubblicate per cura di una Società di amatori delle Arti belle.
260 ## - PUBLICACIÓN, DISTRIBUCIÓN, ETC.
Lugar de publicación, distribución, etc. Firenze :
Nombre del editor, distribuidor, etc. Felice le Monnier,
Fecha de publicación, distribución, etc. 1846-1857.
300 ## - DESCRIPCIÓN FÍSICA
Extensión 14 v. (XXXVII, 351 p., [8] h. de grab. ; [4], 263 p., [19] h. de grab. ; [4], 295 p., [14] h. de grab. ; 298 p., [13] h. de grab. ; [4], 351 p., [4] h. de grab. ; [6], 249 p., [8] h. de grab. ; [4], IV, 307 p., [14] h. de grab. ; [4], 299 p., [17] h. de grab. ; [4], 355 p., [8] h. de grab. ; [4], 343 p., [11] h. de grab. ; [4], 411 p., [6] h. de grab. ; [6], 357 p., [3] h. de grab. ; XLII, 307 p.) :
Otras características físicas il. ;
Dimensiones 18 cm.
599 ## - NOTA A LAS ILUSTRACIONES
NOTA A LAS ILUSTRACIONES Las h. de grab. son litogr., retratos de los biografiados.
599 ## - NOTA A LAS ILUSTRACIONES
NOTA A LAS ILUSTRACIONES Ilustraciones litogr.
650 #4 - PUNTO DE ACCESO ADICIONAL DE MATERIA--TÉRMINO DE MATERIA
Término de materia o nombre geográfico como elemento de entrada Artistas-
Subdivisión general Biografías.
9 (RLIN) 135632
852 ## - LOCALIZACIÓN
Ubicación ES-MaACL
Número de control de estantería F-12207-20
Nota libre -- Enc. hol.
Encuadernación -- Edic.: 14 v. -- 1846-1870 -- El t.XIV fechado en 1870, siendo el ed. Successori Le Monnier -- En la descripción se han saltado la secuencia de pag. del t.IV (253 p., [17] h. de lám.)-- En antep. consta la serie: (Raccolta artistica; 2-15)
Holdings
Estatus retirado Estado de pérdida Estado de daño No para préstamo Colección Biblioteca de origen Biblioteca actual Ubicación en estantería Fecha de adquisición Total de préstamos Signatura topográfica completa Código de barras Visto por última vez Precio de reemplazo Tipo de ítem Koha
        Libros del s. XIX Biblioteca del Ateneo de Madrid Biblioteca del Ateneo de Madrid Sala Pecera Planta 2 17/01/2008   F-12207-20 1175195 23/02/2023 23/02/2023 Libro impreso antiguo